00254nam a2200109Ia 4500008004100000041000800041082001800049100001400067245002600081260002900107300000800136230627s9999 xx 000 0 und d aeng a341.7663bJOS aJoshi.K.C aThe Minimum Wages Act bCentral Law Agencyc1979 a44p